« Retourner aux résultats de recherche
Aïeïa d'Aldaal: Le cycle de Cyann 3
| Auteur principal: | François Bourgeon |
|---|---|
| D'autres auteurs: | Claude Lacroix |
| Support: | Livres |
| Langue: | |
| Publié: |
2005 Vents d'ouest Issy-les-Moulineaux |
| Series: |
Cycle de Cyann |
| Genre: |
Bandes déssinées ADULTE |
| Sujets: | |
| Étiquettes: |
Ajouter
Pas de Tags !
|
| LEADER | 00683nam0a2200181 450 | ||
|---|---|---|---|
| 001 | 16797269 | ||
| 010 | |a 2749302188 |d 15 | ||
| 100 | |a 20070531d2005 u u0frey01 ba | ||
| 200 | 0 | |a Aïeïa d'Aldaal: Le cycle de Cyann 3 |f Bourgeon François |g Lacroix Claude | |
| 207 | 1 | |a | |
| 210 | |a Issy-les-Moulineaux |b 31-33, rue Ernest Renan |c Vents d'ouest |d 2005 | ||
| 330 | |a . | ||
| 461 | 0 | |t Cycle de Cyann |v 3 | |
| 700 | 0 | |a Bourgeon |b François |f 1945-.... |4 70 | |
| 702 | 0 | |a Lacroix |b Claude |f 1944-.... |4 70 | |
| 900 | |a Bandes déssinées ADULTE | ||
| 901 | |a Réserve | ||
| 995 | |a Bibliothèque |c Bibliothèque |f 024007848 |h 024007848 |k BD/A BOU |o p |q a |r az |u Vérifier la pastille sur la côte |e Bibliothèque | ||
